Notas sobre la poetiza Claudia Lars /

Zapisane w:
Opis bibliograficzny
1. autor: Chavarría, Mayra
Format: Nieznany
Język:Spanish
Hasła przedmiotowe:
Etykiety: Dodaj etykietę
Nie ma etykietki, Dołącz pierwszą etykiete!

MARC

LEADER 000000000a22000000004500
001 006130
041 0 |a spa 
100 1 |a Chavarría, Mayra 
245 1 0 |a Notas sobre la poetiza Claudia Lars /   |c Mayra Chavarría. 
650 4 |a LARS, CLAUDIA, SEUD., (1899-1974) 
650 4 |a POETISAS 
650 4 |a LITERATURA SALVADOREÑA 
650 4 |a BIOGRAFÍAS 
650 4 |a CRÍTICA LÍRICA 
773 0 |d San José, Costa Rica : Editorial de la Universidad de Costa Rica  |t Revista Histórico-Crítica  |g volumen1, número 2 (1975), páginas 97-102 
942 |c ARC 
999 |c 12759  |d 12759